000 005100000a22001810004500
020 _a0-8028-0297-4
041 0 _aENG
082 0 4 _aG 261.7 E479j
100 1 _aEllul, Jacques (1912-)
245 1 0 _aJesus and Marx : From gospel to ideology / Jacques Ellul ; Joyce Main Hanks, Traductor
260 _aGrand Rapids, MI., USA : Eerdmans
300 _a186 Pag
001 6862
942 _cBK
999 _c37115
_d37115
336 _atexto
_btxt
_2rdacontent
337 _2rdamedia
_asin mediación
_bn
338 _2rdacarrier
_avolumen
_bnc